Cálculo vectorial

Guardat en:
Dades bibliogràfiques
Autors principals: Estrada, Octavio (Autor), García y Colomé, Pablo (Autor), Monsivais, Guillermo (Autor)
Format: Llibre
Idioma:espanyol
Publicat: Ciudad de México Iberoamérica 1999
Matèries:
Etiquetes: Afegir etiqueta
Sense etiquetes, Sigues el primer a etiquetar aquest registre!

MARC

LEADER 00000nam a2200000 a 4500
001 UCO1726
003 CL-VaPUC
008 000519e19990000MX |||||||||||||||||spa|d
082 0 4 |a 515.63  |b EST  |2 21 
100 0 |a Estrada, Octavio  |e author  |9 444192 
700 0 |a García y Colomé, Pablo  |e author  |9 444193 
700 0 |a Monsivais, Guillermo  |e author  |9 444194 
245 1 0 |a Cálculo vectorial 
300 |a 631 p 
942 |c BK 
945 |d 20000519 00:00:00  |a vberengu 
260 |a Ciudad de México  |b Iberoamérica  |c 1999 
650 0 |a Funciones   |9 263869 
650 7 |a SUPERFICIES  |2 CL-VaPUC  |9 265869 
583 |a last modification  |c 20000519 00:00:00  |k Rodrigo Vera 
999 |c 288326  |d 288324 
952 |0 0  |1 0  |4 0  |6 515_630000000000000_EST_1999  |7 0  |8 A  |9 335917  |a BIBMAT  |b BIBMAT  |d 2019-11-20  |i 3622991  |o 515.63 EST 1999  |p 3622991  |r 2025-01-07  |w 2019-11-20  |y BK  |k MAT